000
00315nam a2200133Ia 4500
003
GCL
008
140319s9999 xx 000 0 ara d
040
_a
GCL /
_c
GCL
082
0
4
_a
813.03
_b
ا س
245
1
0
_a
سمرقند ط2
260
_a
[S.N] :
_b
دار الفارابى ،
_c
1994
300
_a
336 ص
490
_a
999
_c
54927
_d
54927